000 00746nam a2200241 i 4500
001 10416
003 ES-MaACL
005 20250808062706.0
007 t|
008 950609s1977 sp |||| | spa d
020 _a84-220-0792-4
080 _a27-185.3
100 1 _aElorduy, Eleuterio.
_947076
245 1 3 _aEl pecado original
_b: estudio de su proyección en la historia /
_cpor Eleuterio Elorduy.
260 _aMadrid :
_bLa Editorial Católica,
_c1977.
300 _aLXIV, 695 p. :
_bil. ;
_c20 cm.
490 1 _aBiblioteca de autores cristianos ;
_v389
500 _aÍndice.
650 0 4 _aPecado original.
_915902
830 0 0 _aBiblioteca de autores cristianos
_v389
_9178679
852 _aES-MaACL
_jJ-382
999 _c10416
_d10416